| 000 | 01705cam a2200373 i 4500 | ||
|---|---|---|---|
| 999 |
_c21695 _d21695 |
||
| 001 | vtls003774132 | ||
| 003 | NUKAT | ||
| 005 | 20211122100940.0 | ||
| 008 | 160825s2016 pl a f u |000 0 pol c | ||
| 020 | _a9788327563736 | ||
| 035 | _axx003774132 | ||
| 039 | 9 |
_a201702090135 _bVLOAD _c201702080151 _dVLOAD _c201611021301 _dagh _c201608260216 _dVLOAD |
|
| 040 |
_aPOZN 31/EG _cPOZN 31/EG _dPOZN 31/MK |
||
| 041 | 1 |
_apol _heng |
|
| 099 | _atoMK8907 | ||
| 245 | 0 | 0 |
_aTechnika informatyczna - Wyposażenie i infrastruktura centrów przetwarzania danych - Część 2-4: Infrastruktura okablowania telekomunikacyjnego PN-EN 50600-2-4:2015P / _cPolski Komitet Normalizacyjny. |
| 246 | 3 | 0 | _aPN-EN 50600-2-4:2015-05 |
| 246 | 1 | 3 | _aInformation technology - Data centre facilities and infrastructures - Part 2-4: Telecommunications cabling infrastructure |
| 246 | 1 |
_iNr ujednolicony: _aPN-EN 50600-2-4:2015-05 |
|
| 260 |
_aWarszawa : _bPolski Komitet Normalizacyjny, _ccop. 2016. |
||
| 300 |
_a2, 35, [1] s. : _bil. (w tym kolor.) ; _c30 cm. |
||
| 500 | _aICS 35.020 ; 35.110 ; 35.160. | ||
| 504 | _aBibliogr. s. 35. | ||
| 590 | _aWprowadza EN 50600-2-4:2015, IDT. Zatwierdzona przez Prezesa PKN dnia 8 maja 2015 r. | ||
| 590 | _aStatus: aktualna. | ||
| 710 | 1 |
_aPolska. _bPolski Komitet Normalizacyjny. _bWydział Wydawnictw Normalizacyjnych. _4pbl _91108 |
|
| 710 | 1 |
_aPolska. _bPolski Komitet Normalizacyjny. _91107 |
|
| 942 |
_2ddc _cBK |
||